|
|
|
|
| LEADER |
00000cam a2200000 a 4500 |
| 001 |
vtls010335694 |
| 003 |
SK-MaSNL |
| 005 |
20260301173450.0 |
| 008 |
150827s2011 xo a 000 0 slo |
| 015 |
|
|
|a SNBA2012/02-01126
|
| 020 |
|
|
|a 9788089417322 (brož.)
|z 9788071391494
|
| 035 |
|
|
|a 11DE09CF-292E-4F89-9799-F6D87C3CBAC6
|
| 035 |
|
|
|a urn:nbn:sk:snk-amjjli
|
| 035 |
|
|
|a urn:nbn:sk:snk-am000xey
|
| 040 |
|
|
|a SNK
|b slo
|c SNK
|e AACR2
|
| 041 |
0 |
|
|a slo
|
| 044 |
|
|
|a xo
|c SK
|
| 072 |
|
7 |
|a 631
|x Poľnohospodárstvo. Pedológia. Agrotechnika. Agroekológia
|2 konspekt
|
| 080 |
|
|
|a 633
|2 2001
|
| 080 |
|
|
|a 631.51.022
|2 2001
|
| 080 |
|
|
|a 631.51
|2 2001
|
| 080 |
|
|
|a 631.6.02
|2 2001
|
| 080 |
|
|
|a (048.8)
|2 2001
|
| 245 |
0 |
0 |
|a Pestovanie poľných plodín s orbou či bez orby?
|b ...v rámci OP Výskum a vývoj pre projekt-Vývoj ... Európskeho fondu regionálneho rozvoja
|c Žák, Š. ... [et al.]
|
| 250 |
|
|
|a 1. vyd.
|
| 260 |
|
|
|a Piešťany
|b Centrum výskumu rastlinnej výroby
|c 2011
|
| 300 |
|
|
|a 110 s.
|b grafy, tab.
|c 21 cm
|
| 366 |
|
|
|e 200 výt.
|
| 504 |
|
|
|a Bibliogr. s. 97-104
|
| 650 |
0 |
7 |
|a pestovanie poľných rastlín
|2 SNKPH
|9 31784
|
| 650 |
0 |
7 |
|a orba
|2 SNKPH
|9 15237
|
| 650 |
0 |
7 |
|a Field crops cultivation
|2 SNKPHeng
|9 317676
|
| 650 |
0 |
7 |
|a Tillage
|2 SNKPHeng
|9 359507
|
| 650 |
0 |
7 |
|a Soil cultivation
|2 SNKPHeng
|9 334096
|
| 650 |
0 |
7 |
|a Soil protection
|2 SNKPHeng
|9 265461
|
| 650 |
0 |
7 |
|a obrábanie pôdy
|2 SNKPH
|9 52002
|
| 650 |
0 |
7 |
|a ochrana pôdy
|2 SNKPH
|9 4189
|
| 655 |
|
7 |
|a monografie
|2 SNKPH
|9 70139
|
| 655 |
|
7 |
|a Monographs
|2 SNKPHeng
|9 120675
|
| 700 |
1 |
|
|a Žák, Štefan
|c (poľnohospodársky odborník)
|4 aut
|9 7920
|
| 700 |
1 |
|
|a Beluský, Jozef
|4 aut
|9 21097
|
| 700 |
1 |
|
|a Bušo, Rastislav
|4 aut
|9 313828
|
| 700 |
1 |
|
|a Gavurníková, Soňa
|4 aut
|9 332330
|
| 700 |
1 |
|
|a Hašana, Roman
|4 aut
|9 20480
|
| 700 |
1 |
|
|a Macák, Milan,
|d 1957-
|4 aut
|9 193075
|
| 700 |
1 |
|
|a Kováč, Karol,
|d 1939-
|4 aut
|9 106924
|
| 700 |
1 |
|
|a Stanko, Pavol
|4 aut
|9 332331
|
| 919 |
|
|
|a 978-80-89417-32-2
|
| 958 |
|
|
|a NB
|
| 968 |
|
|
|d 63
|
| 999 |
|
|
|c 836733
|d 838663
|
| 952 |
|
|
|a SNK
|b SNK
|y PREZ
|7 0
|p 17A0875823
|o snkSC 147855
|i snk2012/1381
|8 0
|0 0
|1 0
|4 0
|d 2012-01-18
|l 0
|r 2025-07-16 00:00:00
|w 2026-02-24
|
| 952 |
|
|
|a SNK
|b SNK
|y VYP
|7 0
|p 17A0875822
|o snkSC 147855 D1
|i snk2012/1382
|8 0
|0 0
|1 0
|4 0
|d 2012-01-18
|f 1
|l 0
|r 2026-02-24 03:57:15
|w 2026-02-24
|